000 01060nmm a2200301 a 4500
001 ocm0002347980
003 TR-IsHL
005 20201028185255.0
008 190905s2017 tu tur
007 cr cn
020 _a9786054977864
035 _a2347980
_b(N$T)
050 0 4 _aPT2621.A26
_bZ5519 2017
090 0 4 _aPT2621.A26
_bZ5519 2017
100 1 _aKafka, Franz
245 1 0 _aMilena'ya Mektuplar
_h[electronic resource] /
_cFranz Kafka ; çeviren Hilal İzci ; editör İrfan Bülbül
260 _aİstanbul :
_bİlgi Kültür Sanat Yayıncılık ,
_c2017
300 _a300 p.
650 4 _aDil ve Edebiyat
650 4 _aLanguage and Literature
650 0 _aKafka, Franz, 1883-1924
_x Yazışmalar
650 0 _aKafka, Franz, 1883-1924
_x Correspondence
650 0 _aJesenská, Milena, 1896-1944
650 7 _aLITERARY COLLECTIONS / European / German
_2bisacsh
700 1 _aİzci, Hilal
700 1 _aBülbül, İrfan
856 4 0 _uhttp://search.ebscohost.com/login.aspx?direct=true&scope=site&db=e011xww&AN=2347980
999 _c21388
_d21388